Návrh dispozičného usporiadania výrob a vizualizácia riešenia

Salvato in:
Dettagli Bibliografici
Autore principale: Čambalová, Michaela (Autore)
Altri autori: Králik, Marián (Relatore della tesi)
Natura: Manoscritto Libro
Lingua:slovacco
Pubblicazione: 2020
Soggetti:
Accesso online:http://is.stuba.sk/zp/portal_zp.pl?podrobnosti=160089
Tags: Aggiungi Tag
Nessun Tag, puoi essere il primo ad aggiungerne!!

MARC

LEADER 00000ntm a22000003a 4500
001 stuzp80170
003 SK-STU
005 20200711210800.8
007 ta
008 150427s2015----xo-----f-mn---000-0-slo-d
040 |a STU  |b slo 
041 0 |a slo 
100 1 |a Čambalová, Michaela  |u 020070  |4 aut  |U SjF Strojnícka fakulta  |T SjF Ústav výrobných systémov, enviromentálnej techniky a manažment kvality  |X 74733  |U J0070  |Y 804  |7 74733 
242 0 1 |a Design of production layout and visualization of solution  |y eng 
245 1 0 |a Návrh dispozičného usporiadania výrob a vizualizácia riešenia 
260 |c 2020 
650 4 |a Complex component  |2 eng 
650 4 |a Database of Machines  |2 eng 
650 4 |a Group technology  |2 eng 
650 4 |a Siemens NX  |2 eng 
650 4 |a Manufacturing System  |2 eng 
650 4 |a komplexná súčiastka  |2 slo 
650 4 |a databáza strojov  |2 slo 
650 4 |a Siemens NX  |2 slo 
650 4 |a Skupinová technológia  |2 slo 
650 4 |a výrobný systém  |2 slo 
700 1 |a Králik, Marián  |u 020070  |k Z1  |4 ths  |U SjF Strojnícka fakulta  |T SjF Ústav výrobných systémov, enviromentálnej techniky a manažment kvality  |X 2483  |U J0070  |Y 804  |7 A000002483 
856 4 |u http://is.stuba.sk/zp/portal_zp.pl?podrobnosti=160089